Geopolitická rovnováha a Ukrajina. Aký je rozdiel medzi Západom, Čínou a Ruskom
Jednou z otázok, ktoré by si ľavica mala klásť v súvislosti s vojnou na Ukrajine, je otázka ekonomického vzťahu Ruska ku krajinám, o ktorých sa dá povedať, že v nich má vplyv. Aké sú finančno-materiálne toky medzi nimi?
Salvato in:
| Autore principale: | |
|---|---|
| Natura: | Capitolo di libro |
| Lingua: | slovacco |
| Soggetti: | |
| Tags: |
Nessun Tag, puoi essere il primo ad aggiungerne!!
|
MARC
| LEADER | 00000naa a2200000 4500 | ||
|---|---|---|---|
| 001 | 0307045 | ||
| 005 | 20250828100549.1 | ||
| 041 | 0 | |a slo | |
| 044 | |a SK | ||
| 245 | 1 | 0 | |a Geopolitická rovnováha a Ukrajina. Aký je rozdiel medzi Západom, Čínou a Ruskom |c Tomáš Imrich Profant |
| 520 | |a Jednou z otázok, ktoré by si ľavica mala klásť v súvislosti s vojnou na Ukrajine, je otázka ekonomického vzťahu Ruska ku krajinám, o ktorých sa dá povedať, že v nich má vplyv. Aké sú finančno-materiálne toky medzi nimi? | ||
| 610 | 2 | 0 | |a politika |
| 610 | 2 | 0 | |a geopolitika |
| 610 | 2 | 0 | |a Ukrajina |
| 100 | 1 | |a Profant, Tomáš Imrich, 1983- | |